| 000 | 00661nam a2200181Ia 4500 | ||
|---|---|---|---|
| 003 | GCL | ||
| 008 | 140319s9999 xx 000 0 ara d | ||
| 040 |
_aGCL / _cGCL |
||
| 082 | 0 | 4 |
_a822 _bب ا |
| 100 | 1 | _aعبدالله عبدالحافظ متولى \\=aبيزييه، رودلفv | |
| 245 | 1 | 0 |
_aال باريت / _cعبدالله عبدالحافظ متولى |
| 700 | 1 | _aمحمد شاهين الجوهرى | |
| 490 |
_aروائع المسرح العالمى _v0 |
||
| 650 | 0 | 4 | _aالادب الانجليزى |
| 650 | 0 | 4 | _aالمسرحيات الانجليزية |
| 650 | 0 | 4 | _aالمسرحيات الانجليزية المترجمة |
| 942 |
_2ddc _cBK |
||
| 999 |
_c42343 _d42343 |
||